Responses for show #3670 - Friday, July 14, 2000

Tad Carithers game 1.

Contestants

Meredith Finnin, a communications specialist from New York City, New York

Tad Carithers, an attorney from Atlanta, Georgia

Catherine Young, an editor from Halifax, Nova Scotia (whose 1-day cash winnings total $17,400)

Jeopardy! Round responses

A "WAR AND PEACE" QUIZ
(Alex: Yes, the literary work.)
THEY WROTE THE SONGS
(Alex: We'll give you the songs, you identify the writers.)
CELEBS
ANCIENT GREECE
NECKWEAR
FOREIGN WORDS
    $100 22
Leo Tolstoy

Meredith
    $100 16
John Lennon & Paul McCartney

Catherine
    $100 6
Will Smith

Tad
    $100 12
pregnant

Tad
    $100 11
stole

Tad
    $100 1
Achtung

Tad
    $200 23
(Catherine: What is Paris?)

Moscow

CatherineTad
    $200 17
Richard Rodgers & Oscar Hammerstein

Catherine
    $200 7
Elle Macpherson

Tad
    $200 13
nudity

Catherine
    $200 14
lei

Tad
    $200 2
(Meredith: What is au revoir?)

adieu

CatherineMeredith
    $300 24
Anna

Tad
    $300 18
(Tad: Who are Elton John and Rice?)

Elton John & Bernie Taupin

TadMeredith
    $300 8
David Copperfield

Catherine
    $300 15
a drachma

Catherine
    $300 19
dog tags

Tad
    $300 3
Arabic

Tad
    $400 29
firing squad

Meredith
    $400 25
(Meredith: Who are Karen and Richard Carpenter?)
...
(Alex: Less than a minute now.)

Burt Bacharach & Hal David

CatherineMeredith
    $400 9
John Tesh

Tad
    $400 28
olive oil

Tad
    $400 20
dickie

Meredith
    $400 4
(Tad: What is domo?)
(Meredith: What is...)

sensei

CatherineTadMeredith
    $500 30
(Catherine: What is One?)

Count

CatherineTad
    $500 26
Andrew Lloyd Webber & Tim Rice

Catherine
    $500 10
Mike Myers

Meredith
    $500 27
Delphi

Meredith
    $300 21
ascot

Meredith
    $500 5
Zima

Tad

Scores at the first commercial break (after clue 15):

Catherine Tad Meredith
$1,400 $1,600 -$100

Scores at the end of the Jeopardy! Round:

Catherine Tad Meredith
$1,900 $3,000 $1,500

Double Jeopardy! Round responses

AMERICAN HISTORY "X"
ORGANIC CHEMISTRY
ACTING PRESIDENTS
INVENTORS & INVENTIONS
HISTORIC POST-IT NOTES
WORDS FOUND IN MAGAZINE NAMES
    $200 9
Xerography/Xeroxy

Catherine
    $200 23
(M: What are nucleic acids?)

Amino acids

CatherineMeredith
    $200 4
Dr. Strangelove

Tad
    $200 12
Thomas Edison

Tad
    $200 1
Hannibal

Tad
    $200 17
One (mONEy)

Catherine
Triple Stumper
    $400 10
Malcolm X

Tad
    $400 5
Air Force One

Tad
    $400 19
Eli Whitney

Catherine
    $400 2
Earp

Tad
    $400 18
Haste (martHA STEwart living)

Triple Stumper
    $600 11
Xavier University

Meredith
    $600 6
Bill Clinton

Tad
    $600 20
(C: What is White Out?)

Liquid Paper

Catherine
Triple Stumper
    $600 3
Louis Pasteur

Meredith
    $600 22
(minute to go...)

Same (seSAME street)

Tad
    $800 13
"X Y Z" Affair

Meredith
    $1,000 7
Michael Douglas

Tad
    $800 21
Calliope

Meredith
    $800 14
General Douglas MacArthur

Tad
    $1000 16
X-15

Tad
    $1000 26
(C: What is pentane?)
(buzzer sounds)

Butane

Catherine
Triple Stumper
    $1000 8
Morgan Freeman

Tad
    $1000 24
Nikola Tesla

Triple Stumper
    $1000 15
(C: Who was Lister?)
(M: Who was Birdseye?)

Sir Francis Bacon

CatherineMeredith
Triple Stumper
    $1000 25
Rand (caR AND driver)

Catherine

Scores at the end of the Double Jeopardy! Round:

Catherine Tad Meredith
$900 $9,800 $3,100
(lock game)

[wagering suggestions for these scores]

Final Jeopardy! Round responses

SPORTS BOOKS
CatherineWhat is Ball Four?
$895
MeredithWhat is Meech?
$1,000
TadWhat is Ball Four?
$800
"Ball Four" (by Jim Bouton)

Final scores:

Catherine Tad Meredith
$1,795 $10,600 $2,100
3rd place: Trip to Hilton Garden Inn, Flagstaff, Arizona New champion: $10,600 2nd place: Forever Resorts Houseboat Vacation

Game dynamics:

Coryat scores:

Catherine Tad Meredith
$900 $9,600 $3,300
13 R,
6 W
26 R
(including 1 DD),
2 W
11 R
(including 1 DD),
5 W

Combined Coryat: $13,800

The J! Archive is created by fans, for fans. The Jeopardy! game show and all elements thereof, including but not limited to copyright and trademark thereto, are the property of Jeopardy Productions, Inc. and are protected under law. This website is not affiliated with, sponsored by, or operated by Jeopardy Productions, Inc. Join the discussion at JBoard.tv.